Helsinki City Trivia - Statistics

General Stats
  • This quiz has been taken 314 times
  • The average score is 14 of 18
Answer Stats
Clue Answer % Correct
Sporting event the city hosted in 1952 Summer Olympics
94%
Helsinki replaced this city as Finland's capital in 1812 Turku
94%
Capital city located under 100 kilometers away Tallinn
92%
Song contest held in Helsinki in 2007 Eurovision
89%
Swedish name of the city Helsing{fors}
88%
Finland's second and fourth largest cities, part of Helsinki urban area Espoo
87%
Finland's second and fourth largest cities, part of Helsinki urban area Vantaa
87%
Type of transit system in Helsinki, northernmost in the world Metro
86%
Country that bombed the city during WWII Soviet Union
82%
Official residence of the President Presidential {Palace}
81%
Most spoken language after Finnish and Swedish Russian
81%
Future Soviet leader who briefly lived in Helsinki in 1917 Vladimir Lenin
77%
Helsinki lies next to this gulf Gulf of Finland
75%
Helsinki consists of over 300 of these (hint: the city's coastal location) Islands
75%
Most successful football club in Finland HJK Helsinki
71%
Russian Czar who is responsible for moving the capital Alexander I
67%
Name one of the objects depicted in the city's coat of arms Boat | Crown
57%
Oscar-nominated movie about a man losing his memory, set in Helsinki The Man Without a {Past}
37%
No matching quizzes found
Score Distribution
Percent of People with Each Score
Percentile by Number Answered
Your Score History
You have not taken this quiz